40+ Year Old Political Parties Still Operating - Statistics

General Stats
  • This quiz has been taken 40 times
  • The average score is 281 of 1007
Answer Stats
Country Since Position Answer Symbol % Correct
Thailand 1946 Centre Right Democrat Party
100%
Argentina 1931 Right Democratic Party
97%
United States 1854 1854-1960: Centre Left 1960-2021: Centre Right 2021-Now: Right Republican Party
97%
United States (Northern Mariana Islands) 1978 Centre Right Republican Party
97%
United States (American Samoa) 1985 Centre Right Republican Party of American Samoa
97%
United States (Guam) 1966 Centre Right Republican Party of Guam
97%
United States (U.S. Virgin Islands) 1948 Centre Right Republican Party of the Virgin Islands
97%
Germany 1983 Right The Republicans
97%
Denmark (Faroe Islands) 1948 Left Tjóðveldi
97%
Colombia 1848 Centre Left Colombian Liberal Party
94%
United States 1828 1828-1837: Far Right 1837-1933: Right 1933-Now: Centre Left Democratic Party
94%
Ireland United Kingdom 1926 Centre Right Fianna Fáil
94%
Italy 1895 Centre Italian Republican Party
94%
Norway 1884 Centre Liberal Party
94%
Philippines 1946 Centre Liberal Party
94%
Australia 1944 Centre Right Liberal Party of Australia
94%
Canada 1867 Centre Liberal Party of Canada
94%
Argentina 1856 Centre Liberal Party of Corrientes
94%
Honduras 1891 Centre Liberal Party of Honduras
94%
United States 1944 Centre Left Liberal Party of New York
94%
Namibia 1977 Right Republican Party
94%
Georgia 1978 Centre Right Republican Party of Georgia
94%
United States (Puerto Rico) 1899 Centre Right Republican Party of Puerto Rico
94%
Denmark 1910 Centre Right Venstre
94%
Colombia 1849 Centre Right Colombian Conservative Party
90%
Australia 1971 Far Left Communist Party of Australia
90%
China 1921 1921-1978: Far Left 1978-Now: Left Communist Party of China
90%
India 1964 Left Communist Party of India (Marxist)
90%
Dominican Republic 1980 Far Left Communist Party of Labour
90%
United States 1919 Far Left Communist Party USA
90%
United Kingdom 1912 Centre Right Conservative Party
90%
Uganda 1979 Centre Right Conservative Party
90%
United States 1962 Right Conservative Party of New York State
90%
Ecuador 1926 Left Ecuadorian Socialist Party
90%
France (Guadeloupe) 1972 Centre Left Fédération guadeloupéenne du Parti socialiste
90%
France (French Guiana) 1956 Centre Left Guianese Socialist Party
90%
Norway 1884 Centre Right Høyre
90%
Nicaragua 1944 Left Nicaraguan Socialist Party
90%
Palestine 1982 Left Palestinian People's Party
90%
Mauritius 1955 1955-1965: Centre Left 1965-Now: Right Parti Mauricien Social Démocrate
90%
Peru 1928 Far Left Peruvian Communist Party
90%
Switzerland 1888 Centre Left Social Democratic Party of Switzerland
90%
Argentina 1896 1896-1959: Left 1959-Now: Centre Left Socialist Party
90%
France 1969 Centre Left Socialist Party
90%
Netherlands 1971 Centre Left Socialist Party
90%
Portugal 1973 Centre Left Socialist Party
90%
Belgium 1978 Centre Left Socialist Party
90%
Bangladesh 1980 Far Left Socialist Party of Bangladesh
90%
Chile 1933 1933-1990: Left 1990-Now: Centre Left Socialist Party of Chile
90%
United Kingdom 1904 Left Socialist Party of Great Britain
90%
Spain 1977 Left Socialist Party of Majorca
90%
United States 1976 Left Socialist Party of New Jersey
90%
Senegal 1958 1958-1980: Left 1980-Now: Centre Left Socialist Party of Senegal
90%
Uruguay 1910 Centre Left Socialist Party of Uruguay
90%
United States 1973 Left Socialist Party USA
90%
Yemen 1978 1978-1994: Far Left 1994-Now: Left Yemeni Socialist Party
90%
Brasil 1922 Far Left Brazilian Communist Party
87%
Sri Lanka 1964 Far Left Ceylon Communist Party (Maoist)
87%
Ireland 1981 Centre Left Comhaontas Glas
87%
Sweden 1970 Far Left Communist Party
87%
Argentina 1918 Far Left Communist Party of Argentina
87%
Australia 1964 Far Left Communist Party of Australia (Marxist–Leninist)
87%
Austria 1918 Far Left Communist Party of Austria
87%
Bangladesh 1968 Far Left Communist Party of Bangladesh
87%
Bangladesh 1967 Far Left Communist Party of Bangladesh (Marxist–Leninist)
87%
Benin 1977 Far Left Communist Party of Benin
87%
Brasil 1962 1962-1979: Far Left 1979-Now: Centre Left Communist Party of Brazil
87%
United Kingdom 1920 Far Left Communist Party of Britain
87%
United Kingdom 1968 Far Left Communist Party of Britain (Marxist–Leninist)
87%
Myanmar 1939 Far Left Communist Party of Burma
87%
Canada 1921 Far Left Communist Party of Canada
87%
Chile 1912 Left Communist Party of Chile
87%
Cuba 1965 Far Left Communist Party of Cuba
87%
Denmark 1919 Far Left Communist Party of Denmark
87%
Ecuador 1926 Far Left Communist Party of Ecuador
87%
Greece 1918 Far Left Communist Party of Greece
87%
Greece 1976 Far Left Communist Party of Greece (Marxist–Leninist)
87%
India 1925 Left Communist Party of India
87%
India 1974 Far Left Communist Party of India (Marxist–Leninist) Liberation
87%
Iran 1983 Far Left Communist Party of Iran
87%
Ireland 1970 Far Left Communist Party of Ireland
87%
Germany Syria Türkiye 1982 Far Left Communist Party of Kurdistan
87%
Lesotho 1962 Far Left Communist Party of Lesotho
87%
Luxembourg 1921 Far Left Communist Party of Luxembourg
87%
Mexico 1978 Far Left Communist Party of Mexico (Marxist–Leninist)
87%
Nicaragua 1967 Far Left Communist Party of Nicaragua
87%
Norway 1923 Far Left Communist Party of Norway
87%
Pakistan 1948 Far Left Communist Party of Pakistan
87%
Peru 1970 Far Left Communist Party of Peru – Red Fatherland
87%
France (Réunion) 1959 Left Communist Party of Réunion
87%
Spain 1921 Far Left Communist Party of Spain
87%
Sri Lanka 1943 Far Left Communist Party of Sri Lanka
87%
Tajikistan 1924 Far Left Communist Party of Tajikistan
87%
Dominican Republic 1966 Far Left Communist Party of the Dominican Republic
87%
Spain 1984 Far Left Communist Party of the Peoples of Spain
87%
Togo 1980 Far Left Communist Party of Togo
87%
Türkiye 1972 Far Left Communist Party of Turkey/Marxist–Leninist
87%
Uruguay 1920 Left Communist Party of Uruguay
87%
Venezuela 1931 Far Left Communist Party of Venezuela
87%
Vietnam 1930 Far Left Communist Party of Vietnam
87%
Venezuela 1946 Centre Right Copei
87%
Philippines 1968 Far Left Communist Party of the Philippines/ New People's Army
87%
Sweden 1981 Centre Left Environmental Party, the Greens
87%
Egypt 1975 Far Left Egyptian Communist Party
87%
France 1920 1920-1979: Far Left 1979-Now: Left French Communist Party
87%
Germany 1968 Far Left German Communist Party
87%
Dominican Republic 1985 Centre Left Green Party for a Democratic Unity
87%
United Kingdom 1983 Centre Green Party Northern Ireland
87%
Canada 1983 Centre Green Party of Canada
87%
Switzerland 1983 Centre Left Green Party of Switzerland
87%
Belgium 1979 Centre Left Groen
87%
France (Guadeloupe) 1958 Far Left Guadeloupe Communist Party
87%
Iraq 1934 Far Left Iraqi Communist Party
87%
Japan 1922 Left Japanese Communist Party
87%
Japan 1980 Far Left Japanese Communist Party (Action Faction)
87%
Japan 1969 Far Left Japanese Communist Party (Left Faction)
87%
Jordan 1948 Far Left Jordanian Communist Party
87%
Iran 1984 Far Left Komalah (CPI)
87%
Lebanon 1964 Far Left Lebanese Communist Party
87%
Israel 1965 Far Left Maki
87%
France (Martinique) 1957 Far Left Martinican Communist Party
87%
Grenada 1984 Centre Right New National Party
87%
Paraguay 1928 Far Left Paraguayan Communist Party
87%
Philippines 1930 Far Left Partido Komunista ng Pilipinas-1930
87%
Brasil 1986 Centre Partido Verde
87%
Costa Rica 1931 Far Left People's Vanguard Party
87%
Peru 1964 Far Left Peruvian Communist Party (Marxist–Leninist)
87%
Portugal 1921 Far Left Portuguese Communist Party
87%
Bangladesh 1968 Far Left Purbo Banglar Communist Party
87%
Peru 1969 Far Left Shining Path
87%
South Africa 1921 Far Left South African Communist Party
87%
Sudan 1946 Far Left Sudanese Communist Party
87%
Syria 1986 Far Left Syrian Communist Party (Bakdash)
87%
Syria 1986 Far Left Syrian Communist Party (Unified)
87%
Poland 1937 1937-1990: Far Left 1990-Now: Centre Left Alliance of Democrats
84%
United States (American Samoa) 1976 Centre Left American Samoa Democratic Party
84%
Antigua and Barbuda 1946 Centre Right Antigua and Barbuda Labour Party
84%
Australia 1891 Centre Left Australian Labor Party
84%
Barbados 1938 Centre Left Barbados Labour Party
84%
Netherlands (Bonaire) 1954 Centre Left Bonaire Democratic Party
84%
Botswana 1962 Centre Botswana Democratic Party
84%
Republic of the Congo 1969 1969-1990: Left 1990-Now: Centre Left Congolese Party of Labour
84%
Netherlands (Curaçao) 1944 Centre Democratic Party
84%
Netherlands (Sint Eustatius) 1948 Centre Democratic Party
84%
Uganda 1954 Centre Right Democratic Party
84%
Luxembourg 1955 Centre Democratic Party
84%
New Zealand (Cook Islands) 1971 Centre Democratic Party
84%
Cyprus 1976 Centre Democratic Party
84%
United States (Guam) 1961 Centre Left Democratic Party of Guam
84%
Guinea 1947 Left Democratic Party of Guinea – African Democratic Rally
84%
Iran 1945 1945-1997: Left 1997-Now: Centre Left Democratic Party of Iranian Kurdistan
84%
Côte d'Ivoire 1946 1946-1960: Centre Left 1960-Now: Centre Right Democratic Party of Ivory Coast – African Democratic Rally
84%
United States (Northern Mariana Islands) 1978 Centre Left Democratic Party of the Northern Mariana Islands
84%
United States (U.S. Virgin Islands) 1936 Centre Left Democratic Party of the Virgin Islands
84%
Netherlands(Sint Maarten) 1954 Centre Democratic Party Sint Maarten
84%
Dominica 1955 Centre Left Dominica Labour Party
84%
Fiji 1985 Centre Left Fiji Labour Party
84%
Gabon 1953 Centre Right Gabonese Democratic Party
84%
Jamaica 1943 Centre Left Jamaica Labour Party
84%
Iraq 1946 Big Tent Kurdistan Democratic Party
84%
Norway 1887 Centre Left Labour Party
84%
United Kingdom 1900 Centre Left Labour Party
84%
Malta 1921 Centre Left Labour Party
84%
Netherlands 1946 Centre Left Labour Party
84%
Iran 1967 Far Left Labour Party of Iran (Toufan)
84%
United Kingdom (Isle of Man) 1918 Centre Left Manx Labour Party
84%
New Zealand 1916 Centre Left New Zealand Labour Party
84%
Ireland 1912 Centre Left Páirtí an Lucht Oibre
84%
Philippines 1982 Centre Left Partido Demokratiko Pilipino
84%
Saint Kitts and Nevis 1932 Centre Left Saint Kitts and Nevis Labour Party
84%
Saint Lucia 1950 Centre Left Saint Lucia Labour Party
84%
Senegal 1974 Centre Senegalese Democratic Party
84%
Seychelles 1964 Right Seychelles Democratic Party
84%
Singapore 1980 Centre Singapore Democratic Party
84%
Switzerland 1944 Left Swiss Party of Labour
84%
Timor-Leste 1974 Centre Left Timorese Labour Party
84%
Philippines 1963 Centre Left Workers' and Peasants' Party
84%
Lesotho 1959 Centre Right Basotho National Party
81%
United Kingdom 1982 Far Right British National Party
81%
Bangladesh 1986 Centre Right Jatiya Party (Ershad)
81%
Sweden 1917 Left Left Party
81%
Uruguay 1836 Centre Right National Party
81%
Australia 1920 Centre Right National Party of Australia
81%
Honduras 1902 Centre Right National Party of Honduras
81%
Suriname 1946 Centre Left National Party of Suriname
81%
Iran 1951 Far Right Nation Party of Iran
81%
New Zealand 1936 Centre Right New Zealand National Party
81%
Papua New Guinea 1969 Centre Papua New Guinea National Party
81%
Vanuatu 1971 Left Vanua'aku Pati
81%
Germany 1945 Centre Right Zentrum
81%
Finland 1906 Centre Centre Party
77%
Sweden 1913 Centre Centre Party
77%
Norway 1920 Centre Centre Party
77%
Taiwan 1894 1894-1926: Big Tent 1926-1949: Right 1949-1975: Far Right 1975-Now: Centre Right Kuomintang
71%
Mauritius 1938 Centre Left Labour Party
71%
United States 1973 Syncretic Libertarian Party
71%
Canada 1973 Right Libertarian Party of Canada
71%
United States 1972 Syncretic Libertarian Party of New Mexico
71%
Sweden 1904 Centre Right Moderate Party
71%
Malaysia 1978 Centre Left National Trust Party
71%
Ireland United Kingdom 1970 Far Left Páirtí na nOibrithe
71%
Panama 1956 Centre Right People's Party
71%
Singapore 1957 Centre Left Workers' Party
71%
Argentina 1964 Far Left Workers' Party
71%
Brasil 1980 Centre Left Workers' Party
71%
Uruguay 1984 Left Workers' Party
71%
Tunisia 1986 Far Left Workers' Party
71%
Bangladesh 1980 Far Left Workers Party of Bangladesh
71%
Belgium 1979 Left Workers' Party of Belgium
71%
North Korea 1949 Far Left Workers' Party of Korea
71%
Argentina 1954 Centre Right Christian Democratic Party
68%
United States 1869 Syncretic Prohibition Party
68%
Austria 1889 Centre Left Social Democratic Party of Austria
68%
Sweden 1889 Centre Left Swedish Social Democratic Party
68%
Austria 1945 Centre Right Austrian People's Party
65%
Bolivia 1954 Far Right Christian Democratic Party
65%
Peru 1956 Centre Christian Democratic Party
65%
Chile 1957 Centre Christian Democratic Party
65%
El Salvador 1960 Centre Christian Democratic Party
65%
Paraguay 1960 Centre Christian Democratic Party
65%
Cuba 1959 Centre Right Christian Democratic Party of Cuba
65%
Honduras 1968 Centre Right Christian Democratic Party of Honduras
65%
Denmark (Faroe Islands) 1925 Centre Left Javnaðarflokkurin
65%
Lebanon 1936 1936-1975: Right 1975-1990: Far Right 1990-Now: Centre Right Kataeb Party
65%
North Korea 1945 Left Korean Social Democratic Party
65%
Iraq 1976 Centre Left Kurdistan Social Democratic Party
65%
Lebanon 1970 Centre Left Lebanese Social Democratic Party
65%
São Tomé and Príncipe 1960 1960-1990: Far Left 1990-Now: Centre Left Movement for the Liberation of São Tomé and Príncipe – Social Democratic Party
65%
Ireland United Kingdom 1905 1905-1966: Centre Left 1966-1983: Left 1983-Now: Centre Left Sinn Féin
65%
Czechia 1878 Centre Left Social Democracy
65%
Finland 1899 Centre Left Social Democratic Party
65%
Portugal 1974 1974-1985: Centre Left 1985-Now: Centre Right Social Democratic Party
65%
Nicaragua 1979 Centre Left Social Democratic Party
65%
Germany 1875 Centre Left Social Democratic Party of Germany
65%
Hungary 1890 Centre Left Social Democratic Party of Hungary
65%
Lithuania 1896 Centre Left Social Democratic Party of Lithuania
65%
Madagascar 1956 Centre Left Social Democratic Party of Madagascar
65%
Vietnam 1927 Centre Việt Nam Quốc Dân Đảng
65%
Norway 1933 Centre Right Christian Democratic Party
61%
Mongolia 1920 1920-1990: Far Left 1990-Now: Centre Left Mongolian People's Party
61%
Netherlands 1948 Centre Right People's Party for Freedom and Democracy
61%
San Marino 1948 Centre Right Sammarinese Christian Democratic Party
61%
Netherlands (Aruba) 1942 Centre Right Aruban People's Party
58%
Bangladesh 1978 Centre Bangladesh Nationalist Party
58%
Portugal 1974 Centre Right CDS – People's Party
58%
India 1885 Centre Indian National Congress
58%
Pakistan 1967 1967-1977: Left 1977-Now: Centre Left Pakistan People's Party
58%
Switzerland 1971 Right Swiss People's Party
58%
South Africa 1912 1912-1996: Left 1996-Now: Centre Left African National Congress
55%
Botswana 1960 Left Botswana People's Party
55%
Cambodia 1951 1951-1991: Far Left 1991-Now: Left Cambodian People's Party
55%
Germany 1945 Centre Right Christian Democratic Union of Germany
55%
Vietnam 1939 Right Đại Việt Nationalist Party
55%
Denmark (Faroe Islands) 1939 Centre Right Fólkaflokkurin
55%
Austria 1956 Far Right Freedom Party of Austria
55%
United Kingdom (Isle of Man) 1962 Centre Left Mec Vannin
55%
Malta 1926 Centre Right Nationalist Party
55%
Malaysia 1955 Left Parti Rakyat Malaysia
55%
Denmark 1972 Right Progress Party
55%
Norway 1973 Right Progress Party
55%
Sierra Leone 1951 1951-2012: Centre Right 2012-Now: Centre Sierra Leone People's Party
55%
Sri Lanka 1984 Centre Left Sri Lanka Mahajana Pakshaya
55%
Dominican Republic 1939 1939-1973: Centre Left 1973-Now: Centre Dominican Revolutionary Party
52%
Portugal 1982 Left Ecologist Party "The Greens"
52%
Japan 1955 Right Liberal Democratic Party
52%
Malaysia 1951 Far Right Malaysian Islamic Party
52%
France (Martinique) 1958 Left Martinican Progressive Party
52%
Iceland 1916 Centre Progressive Party
52%
Equatorial Guinea 1983 Centre Right Progress Party of Equatorial Guinea
52%
United States 1980 Centre Left Vermont Progressive Party
52%
Switzerland 1984 Right Freedom Party of Switzerland
48%
Israel 1977 Left Hadash
48%
Mexico 1939 Centre Right National Action Party
48%
Canada 1961 Centre Left New Democratic Party
48%
Bangladesh 1981 Centre Left Bangladesh Freedom Party
45%
Tanzania 1977 1977-1985: Left 1985-Now: Centre Left Chama Cha Mapinduzi
45%
Luxembourg 1983 Centre Left Déi Gréng
45%
Dominica 1968 Centre Right Dominica Freedom Party
45%
Iran 1961 Centre Freedom Movement of Iran
45%
Japan 1982 Far Right National Socialist Japanese Workers' Party
45%
Saint Vincent and the Grenadines 1975 Centre Right New Democratic Party
45%
Spain 1879 1879-1979: Left 1979-Now: Centre Left Spanish Socialist Workers' Party
45%
Sri Lanka 1951 Centre Left Sri Lanka Freedom Party
45%
Germany 1980 Centre Left Alliance 90/The Greens
42%
Mexico 1929 Big Tent Institutional Revolutionary Party
42%
Israel 1973 Far Right Likud
42%
Madagascar 1976 1976-1992: Far Left 1992-Now: Centre Left Malagasy Revolutionary Party
42%
Greece 1976 Far Left Marxist–Leninist Communist Party of Greece
42%
France 1972 Far Right National Rally
42%
Papua New Guinea 1967 Centre Pangu Pati
42%
Denmark (Faroe Islands) 1906 Centre Right Sambandsflokkurin
42%
United Kingdom 1934 Centre Left Scottish National Party
42%
Ethiopia 1975 1975-1991: Far Left 1991-Now: Left Tigray People's Liberation Front
42%
Lebanon 1965 Left Union Party
42%
United States 1973 Centre Right Alaskan Independence Party
39%
Spain 1978 Centre Right Aragonese Party
39%
India 1980 Far Right Bharatiya Janata Party
39%
Netherlands 1983 Centre Left De Groenen
39%
United States 1982 Left Democratic Socialists of America
39%
Palestine 1959 1959-2004: Left 2004-Now: Centre Left Fatah
39%
Iceland 1929 Centre Right Independence Party
39%
Morocco 1937 Centre Right Istiqlal Party
39%
United States (Puerto Rico) 1946 Centre Left Puerto Rican Independence Party
39%
Denmark (Faroe Islands) 1909 Centre Sjálvstýri
39%
Germany 1946 Centre Right Bavaria Party
35%
Botswana 1965 Centre Left Botswana National Front
35%
Germany 1982 Centre Liberal Democrats – The Social Liberals
35%
Canada 1970 Far Left Marxist–Leninist Party of Canada
35%
United Kingdom 1967 Far Right National Front
35%
Italy 1978 Centre Left Verdi–Grüne–Vërc
35%
Senegal 1982 Centre Left African Party for the Independence of the Masses
32%
Lesotho 1952 Left Basutoland Congress Party
32%
Madagascar 1958 Left Congress Party for the Independence of Madagascar
32%
Nigeria 1986 Far Left Democratic Socialist Movement
32%
Sudan 1952 Centre Right Democratic Unionist Party
32%
Germany 1948 Centre Right Free Democratic Party
32%
Lebanon 1982 Centre Right Hizbu'llah
32%
Afghanistan 1980 Centre Right Hizbu'llah Afghanistan
32%
Türkiye 1983 Far Right Hizbullahî Kurdî
32%
Italy 1977 Far Left Italian Marxist–Leninist Party
32%
Malawi 1959 Centre Right Malawi Congress Party
32%
Germany 1982 Far Left Marxist–Leninist Party of Germany
32%
Nicaragua 1972 Far Left Marxist–Leninist Popular Action Movement
32%
Nepal 1950 Centre Left Nepali Congress
32%
Philippines 1973 Centre Left Partido Demokratiko Sosyalista ng Pilipinas
32%
United Kingdom 1979 Far Left Revolutionary Communist Party of Britain (Marxist–Leninist)
32%
Solomon Islands 1980 Centre Right Solomon Islands United Party
32%
Sudan 1986 Centre Left Sudanese Congress Party
32%
United Kingdom 1905 Centre Right Ulster Unionist Party
32%
Papua New Guinea 1967 Centre Right United Party
32%
Seychelles 1964 1964-1977: Left 1977-1991: Far Left 1991-Now: Centre Left United Seychelles
32%
United States 1967 Far Right American Independent Party
29%
Australia 1977 Centre Australian Democrats
29%
United Kingdom 1971 Centre Right Democratic Unionist Party
29%
Argentina 1973 Centre Right Federal Party
29%
Ireland 1933 Centre Right Fine Gael
29%
United Kingdom 1925 Centre Left Plaid Cymru
29%
France 1901 1901-1913: Left 1913-1944: Centre Left 1944-1972: Centre 1972-2017: Centre Right 2017-Now: Centre Radical Party
29%
Denmark 1871 Centre Social Democrats
29%
Switzerland 1961 1961-1977: Far Right 1977-Now: Right Swiss Democrats
29%
Sweden 1934 Centre Right The Liberals
29%
Germany 1945 Centre Right Christian Social Union in Bavaria
26%
Solomon Islands 1979 Centre People's Alliance Party
26%
Morocco 1974 Left Action Party
23%
Brasil 1985 1985-2023: Centre Right 2023-Now: Single Issue Agir
23%
Peru 1924 1924-1944: Centre Left 1944-Now: Centre Right American Popular Revolutionary Alliance
23%
Denmark 1970 Centre Right Christian Democrats
23%
Czechia 1897 Centre Left Czech National Social Party
23%
Belgium 1980 Centre Left Ecolo
23%
Argentina 1946 1946-1973: Centre Left 1973-2003: Centre Right 2003-Now: Centre Left Justicialist Party
23%
Japan 1964 Centre Komeito
23%
Greece 1934 Far Left Organisation of Internationalist Communists of Greece
23%
Singapore 1954 Centre Right People's Action Party
23%
Dominican Republic 1970 Centre Right People's Democratic Party
23%
Palestine 1967 Far Left Popular Front for the Liberation of Palestine
23%
Türkiye 1919 Centre Left Republican People's Party
23%
United States 1972 Centre Left Social Democrats, USA
23%
United Kingdom 1970 Centre Alliance Party of Northern Ireland
19%
Denmark (Greenland) 1978 Centre Right Atassut
19%
Finland 1958 Centre Right Christian Democrats
19%
Sweden 1964 Centre Right Christian Democrats
19%
Ecuador 1951 Centre Right Christian Social Party
19%
Switzerland 1956 Centre Christian Social Party of Obwalden
19%
Belgium 1971 Centre Christlich Soziale Partei
19%
Uruguay 1836 Big Tent Colorado Party
19%
Paraguay 1887 Centre Right Colorado Party
19%
Dominican Republic 1973 Centre Left Dominican Liberation Party
19%
Cyprus 1969 Centre Left EDEK Socialist Party
19%
Bangladesh 1972 Left Jatiya Samajtantrik Dal
19%
Syria 1945 Right Muslim Brotherhood in Syria
19%
Egypt 1977 Left National Progressive Unionist Rally Party
19%
IndiaMyanmar 1980 Far Left National Socialist Council of Nagaland
19%
Papua New Guinea 1969 Centre People's Progress Party
19%
Suriname 1949 Centre Left Progressive Reform Party
19%
Singapore 1972 Centre Singapore Justice Party
19%
United States 1938 Left/ Syncretic Socialist Workers Party
19%
United Kingdom 1950 Left Socialist Workers Party
19%
Denmark 1979 Far Left Socialist Workers Politics
19%
Indonesia 1973 Centre Right United Development Party
19%
Liberia 1984 Centre Unity Party
19%
Belgium 1978 Centre Left Vooruit
19%
Greece 1963 Far Left Workers Revolutionary Party
19%
Zimbabwe 1961 1961-2017: Left 2017-Now: Big Tent ZANU–PF
19%
Lebanon Syria 1950 Left Arab Socialist Movement
16%
Argentina 1982 Left Authentic Socialist Party
16%
United Kingdom 1917 Centre Left Co-operative Party
16%
Palestine 1968 Far Left Democratic Front for the Liberation of Palestine
16%
Türkiye 1985 Centre Left Democratic Left Party
16%
Singapore 1973 Centre Democratic Progressive Party
16%
Indonesia 1963 Left Free Papua Organization/ TPNPB
16%
Netherlands 1971 Far Right Dutch People's Union
16%
Egypt 1978 Left Egyptian Islamic Labour Party
16%
Greece 1984 Left Fighting Socialist Party of Greece
16%
Mozambique 1962 1962-1995: Far Left 1995-Now: Left FRELIMO
16%
United Kingdom (Gibraltar) 1978 Centre Left Gibraltar Socialist Labour Party
16%
Côte d'Ivoire 1982 Centre Left Ivorian Popular Front
16%
Denmark 1919 Centre Justice Party of Denmark
16%
Luxembourg 1902 Centre Left Luxembourg Socialist Workers' Party
16%
Gabon 1981 Centre Left Movement for National Rectification
16%
Finland 1918 Centre Right National Coalition Party
16%
Algeria 1954 1954-1979: Left 1979-Now: Centre Left National Liberation Front
16%
Greece 1974 Centre Right New Democracy
16%
Jamaica 1938 Centre Left People's National Party
16%
Western Sahara 1973 Left Polisario Front
16%
United Kingdom (Turks and Caicos) 1976 Centre Left Progressive National Party
16%
Cyprus 1926 Left Progressive Party of Working People
16%
United States 1975 Far Left Revolutionary Communist Party, USA
16%
Nicaragua 1961 Left Sandinista National Liberation Front
16%
United Kingdom 1970 Centre Left Social Democratic and Labour Party
16%
Iran 1979 Far Left Socialist Workers' Party of Iran
16%
Namibia 1960 1960-1990: Far Left 1990-2017: Centre Left 2017-Now: Left SWAPO
16%
Finland 1906 Centre Swedish People's Party
16%
Syria 1973 1973-2005: Far Left 2005-Now: Centre Left Syrian Democratic People's Party
16%
Lebanon 1974 Centre Right Amal Movement
13%
United States 1968 Left American Indian Movement
13%
Myanmar 1967 Right Arakan Liberation Party
13%
Pakistan 1986 Centre Left Awami National Party
13%
Greece 1953 Centre Left Christian Democracy
13%
Belgium 1968 Centre Christian Democratic and Flemish
13%
New Zealand(Cook Islands) 1964 Centre Cook Islands Party
13%
Denmark 1905 Centre Danish Social Liberal Party
13%
United States 1973 Centre Left D.C. Statehood Green Party
13%
Malaysia 1965 Centre Left Democratic Action Party
13%
Taiwan 1986 Centre Democratic Progressive Party
13%
Germany 1964 Far Right Die Heimat!
13%
Switzerland 1919 Centre Right Evangelical People's Party of Switzerland
13%
Spain 1976 Far Right Falange Española de las JONS
13%
Denmark 1959 Centre Left Green Left
13%
United States 1970 Left Green Mountain Peace and Justice Party
13%
Pakistan 1985 Far Right Harkat-ul-Mujahideen
13%
Iceland 1984 Left Húmanista
13%
Argentina 1984 Centre Left Humanist Party
13%
Chile 1984 Left Humanist Party
13%
Spain 1984 Left Humanist Party
13%
Honduras 1970 Centre Left Innovation and Unity Party—Social Democracy
13%
Spain 1974 Far Left La Aurora Marxist Organization
13%
Angola 1956 1956-1976: Left 1976-1990: Far Left 1990-Now: Centre Left MPLA
13%
Netherlands (Curaçao) 1948 Centre National People's Party
13%
United States 1974 Far Right National Socialist Movement
13%
United States (Puerto Rico) 1967 Centre New Progressive Party
13%
Netherlands (Curaçao) 1971 Centre Left Partido MAN
13%
United States 1967 Left Peace and Freedom Party
13%
Belize 1950 Centre People's United Party
13%
Lebanon 1949 Left Progressive Socialist Party
13%
United Kingdom 1979 Centre Left Progressive Unionist Party
13%
Spain 1931 Left Republican Left of Catalonia
13%
Argentina 1968 Far Left Revolutionary Communist Party
13%
China (Hong Kong) 1948 Far Left Revolutionary Communist Party of China
13%
India 1934 Left Revolutionary Communist Party of India
13%
Türkiye 1980 Far Left Revolutionary Communist Party of Turkey
13%
Uruguay 1971 Far Left Revolutionary Communist Party of Uruguay
13%
Bolivia 1978 1978-1989: Far Left 1989-Now: Centre Left Revolutionary Left Front
13%
Palestine 1982 Far Left Revolutionary Palestinian Communist Party
13%
India 1940 Left Revolutionary Socialist Party
13%
Denmark (Greenland) 1977 Centre Left Siumut
13%
Morocco 1975 Centre Left Socialist Union of Popular Forces
13%
Thailand 1979 Right Thai Citizen Party
13%
France (New Caledonia) 1977 Centre Right The Rally
13%
United Kingdom (British Virgin Islands) 1971 Centre Virgin Islands Party
13%
Burkina Faso 1978 Far Left Voltaic Revolutionary Communist Party
13%
Belgium 1971 Far Left Anticapitalist Left
10%
Lebanon 1953 Left Arab Socialist Ba'ath Party – Lebanon Region
10%
Sudan 1980 Left Arab Socialist Ba'ath Party – Organization of Sudan
10%
Sudan 1970 Right Arab Socialist Ba'ath Party – Region of Sudan
10%
Yemen 1951 Left Arab Socialist Ba'ath Party – Yemen Region
10%
Netherlands (Aruba) 1949 Centre Left Aruban Patriotic Party
10%
Syria 1978 Centre Left Assyrian Democratic Party
10%
India 1984 Centre Left Bahujan Samaj Party
10%
Bangladesh 1949 Big Tent Bangladesh Awami League
10%
Bulgaria 1899 1899-1990: Left 1990-Now: Centre Bulgarian Agrarian National Union
10%
Syria 1976 Far Left Communist Labour Party
10%
Denmark 1916 Centre Right Conservative People's Party
10%
Argentina 1958 Right Conservative People's Party
10%
Belgium 1964 Centre DéFI
10%
Venezuela 1941 1941-1967: Left 1967-Now: Centre Left Democratic Action
10%
Barbados 1955 Centre Left Democratic Labour Party
10%
Netherlands 1966 Centre Democrats 66
10%
Iran 1965 1965-1981: Left 1981-Now: Centre Left People's Mojahedin Organization of Iran/ NCRI
10%
Ethiopia 1972 1972-1984: Far Left 1984-Now: Left Ethiopian People's Revolutionary Party
10%
Germany 1981 Centre Right Family Party of Germany
10%
Germany 1965 Centre Right Free Voters
10%
Afghanistan 1979 Right Hezb-i Islami Khalis
10%
Afghanistan Australia Azerbaijan Bangladesh China Denmark Egypt France Germany Indonesia Iraq Jordan Kazakhstan Kyrgyzstan Lebanon Libya Malaysia Netherlands Pakistan Palestine Russia Spain Sweden Syria Tajikistan Tunisia Türkiye Turkmenistan United Kingdom United States Uzbekistan 1953 Far Right Hizb ut-Tahrir
10%
South Africa 1975 Right Inkatha Freedom Party
10%
Iran 1941 Centre Left Iran Party
10%
Sri Lanka 1965 Far Left Janatha Vimukthi Peramuna
10%
Jordan 1951 Right Jordanian Arab Socialist Ba'ath Party
10%
Iran 1979 Far Left Laborers' Party of Iran
10%
Laos 1955 Far Left Lao People's Revolutionary Party
10%
El Salvador 1961 Centre Right National Coalition Party
10%
Türkiye 1969 Far Right Nationalist Movement Party
10%
Costa Rica 1951 Centre Left National Liberation Party
10%
Poland 1981 Far Right National Rebirth of Poland
10%
Ethiopia 1973 Left Oromo Liberation Front
10%
Panama 1931 Centre Right Panameñista Party
10%
Portugal 1974 Right People's Monarchist Party
10%
India 1977 Far Left People's Revolutionary Party of Kangleipak
10%
Papua New Guinea 1974 Centre Right PNG Country Party
10%
United States (Puerto Rico) 1938 Centre Popular Democratic Party
10%
Tunisia 1981 Left Popular Unity Party
10%
United States 1962 Far Left Progressive Labor Party
10%
United Kingdom (Bermuda) 1963 Centre Left Progressive Labour Party
10%
Bahamas 1953 Centre Left Progressive Liberal Party
10%
Netherlands 1918 Right Reformed Political Party
10%
Türkiye 1960 Far Left Revolutionary Party of Kurdistan
10%
Sri Lanka 1968 Far Left Revolutionary Workers Party
10%
Senegal 1985 Centre Left Senegalese Democratic Union – Renewal
10%
India 1920 Centre Right Shiromani Akali Dal
10%
Australia 1971 Far Left Solidarity
10%
Lebanon 1985 Centre Solidarity Party
10%
Italy 1945 Centre South Tyrolean People's Party
10%
Namibia 1959 Centre Left SWANU
10%
JordanSyria 1932 Syncretic Syrian Social Nationalist Party
10%
Lebanon 1932 Syncretic Syrian Social Nationalist Party in Lebanon
10%
Syria 1957 Syncretic Syrian Social Nationalist Party – Intifada Wing
10%
Timor-Leste 1975 Right Timorese Democratic Union
10%
Angola 1966 1966-1974: Left 1974-Now: Right UNITA
10%
Malaysia 1946 Right United Malays National Organisation
10%
Sri Lanka 1946 Centre Right United National Party
10%
Liberia 1985 Left United People's Party
10%
Afghanistan 1973 Far Left Afghanistan Liberation Organization
6%
Guinea-Bissau 1956 1956-1991: Left 1991-Now: Centre Left African Party for the Independence of Guinea and Cape Verde
6%
South Africa 1973 Far Right Afrikaner Weerstandsbeweging
6%
Lebanon 1964 Centre Right al-Jama'ah al-Islamiyah
6%
Sri Lanka 1944 Centre Left All Ceylon Tamil Congress
6%
United Kingdom 1966 Far Left Alliance for Workers' Liberty
6%
Lebanon 1974 Left Arab Democratic Party
6%
India 1985 Right Asom Gana Parishad
6%
Palestine 1966 Far Left aṣ-Ṣāʽiqa
6%
Pakistan 1970 Far Left Awami Tahreek
6%
Bangladesh 1941 Right Bangladesh Jamaat-e-Islami
6%
Spain 1895 Centre Basque Nationalist Party
6%
Argentina 1957 Centre Bloquista Party
6%
France (New Caledonia) 1953 Centre Left Caledonian Union
6%
Cameroon 1985 Big Tent Cameroon People's Democratic Movement
6%
North Korea 1946 Single Issue Chondoist Chongu Party
6%
Czechia 1919 Centre Right Christian and Democratic Union – Czechoslovak People's Party
6%
Hungary 1944 Right Christian Democratic People's Party
6%
Peru 1966 Centre Right Christian People's Party
6%
Dominican Republic 1981 Centre Left Christian People's Party
6%
Luxembourg 1944 Centre Right Christian Social People's Party
6%
Uruguay 1971 Right Civic Union
6%
United States 1867 Single Issue Clann na nGael
6%
Iran 1977 Centre Right Combatant Clergy Association
6%
France (Martinique) 1971 Far Left Combat Ouvrier
6%
Lebanon 1970 1970-2022: Far Left 2022-Now: Left Communist Action Organization in Lebanon
6%
Spain 1973 Far Left Communist Unification of Spain
6%
Democratic Republic of the Congo 1959 Left Congolese National Movement - Lumumba
6%
United Kingdom 1975 Right Cornish Nationalist Party
6%
Australia 1966 Centre Right Country Liberal Party
6%
Croatia 1904 Centre Croatian Peasant Party
6%
Cyprus 1976 Centre Right Democratic Rally
6%
Panama 1979 Centre Left Democratic Revolutionary Party
6%
Lebanon 1970 Centre Dignity Movement
6%
Dominican Republic 1956 Far Left Dominican Popular Movement
6%
India 1949 Left Dravida Munnetra Kazhagam
6%
Germany 1982 Centre Right Ecological Democratic Party
6%
Egypt 1978 Centre Right Egyptian Wafd Party
6%
Tunisia 1981 Centre Right Ennahda
6%
Sweden 1974 Syncretic European Workers Party
6%
El Salvador 1980 1980-1994: Far Left 1994-1999: Left 1999-Now: Centre Left Farabundo Martí National Liberation Front
6%
Liechtenstein 1936 Centre Right Fatherland Union
6%
Argentina 1955 Centre Right Federal Popular Union
6%
Romania 1936 Single Issue Federation of the Jewish Communities in Romania
6%
Timor-Leste 1974 1974-1981: Left 1981-1984: Far Left 1984-Now: Centre Left Fretilin
6%
Burundi 1985 Far Right FROLINA
6%
Indonesia 1964 1964-1998: Far Right 1998-Now: Centre Right Golkar
6%
Grenada 1950 Right Grenada United Labour Party
6%
China (Hong Kong) 1954 Centre Hong Kong Civic Association
6%
Nicaragua 1944 Centre Right Independent Liberal Party
6%
Iran 1963 Right Islamic Coalition Party
6%
Pakistan 1947 Right Jamaat-e-Islami Pakistan
6%
Afghanistan 1972 Centre Right Jamiat-e Islami
6%
Pakistan 1948 Centre Right Jamiat Ulema-e-Pakistan
6%
IndiaPakistan 1977 Centre Left Jammu Kashmir Liberation Front
6%
Kenya 1960 Centre Right Kenya African National Union
6%
Pakistan 1985 Far Right Lashkar-e-Taiba
6%
Lebanon 1976 Right Lebanese Forces
6%
India 1963 Centre Right Maharashtrawadi Gomantak Party
6%
Malaysia 1949 Centre Right Malaysian Chinese Association
6%
India 1968 Centre Right Manipur Peoples Party
6%
Mauritius 1969 Centre Left Mauritian Militant Movement
6%
Mauritius 1983 Centre Left Militant Socialist Movement
6%
Philippines 1977 Right Moro Islamic Liberation Front
6%
Central African Republic 1978 Centre Left Movement for the Liberation of the Central African People
6%
Venezuela 1971 Centre Left Movimiento al Socialismo
6%
Azerbaijan 1911 Centre Müsavat
6%
Yemen 1955 Right National Arab Socialist Ba'ath Party – Yemen Region
6%
Lebanon 1958 Centre Right National Liberal Party
6%
Bahrain 1955 Far Left National Liberation Front – Bahrain
6%
Angola 1954 Centre Right National Liberation Front of Angola
6%
Sudan 1945 Centre Right National Umma Party
6%
Northern Cyprus 1975 Right National Unity Party
6%
United Kingdom 1977 Far Left New Communist Party of Britain
6%
Myanmar 1958 Centre Left New Mon State Party
6%
United States 1970 Single Issue New York State Right to Life Party
6%
France 1971 Centre Right Nouvelle Action Royaliste
6%
United Kingdom 1982 Satire Official Monster Raving Loony Party
6%
Ethiopia 1984 Centre Left Ogaden National Liberation Front
6%
Palestine 1981 Centre Right Palestinian Islamic Jihad
6%
Palestine 1959 Left Palestinian Liberation Front
6%
Palestine 1983 Left Palestinian Liberation Front (Abu Nidal Ashqar wing)
6%
South Africa 1959 Left Pan Africanist Congress of Azania
6%
Myanmar 1949 Far Right Pa-O National Organisation
6%
Malaysia 1968 Centre Parti Gerakan Rakyat Malaysia
6%
Spain 1985 Centre Left Partíu Asturianista
6%
France (New Caledonia) 1975 Left Party of Kanak Liberation
6%
Iraq 1975 Centre Left Patriotic Union of Kurdistan
6%
Saint Kitts and Nevis 1965 Centre Right People's Action Movement
6%
Guyana 1957 1957-1969: Left 1969-1985: Far Left 1985-Now: Centre Left People's National Congress Reform
6%
Guyana 1950 1950-1999: Left 1999-Now: Centre Left People's Progressive Party\Civic
6%
Djibouti 1979 Centre Left People's Rally for Progress
6%
Palestine 1968 Left Popular Front for the Liberation of Palestine – General Command
6%
Portugal 1970 Far Left Portuguese Workers' Communist Party
6%
ArmeniaLebanon 1921 Centre Right Ramgavar
6%
Venezuela 1970 Far Left Red Flag Party
6%
Spain 1978 Centre Regionalist Party of Cantabria
6%
Spain 1977 Left Republican Left
6%
China 1948 Left Revolutionary Committee of the Chinese Kuomintang
6%
Türkiye 1978 Far Left Revolutionary People's Liberation Party\Front
6%
Rwanda 1979 1979-1994: Left 1994-Now: Big Tent Rwandan Patriotic Front
6%
Italy 1921 1921-2009: Centre Left 2009-Now: Right Sardinian Action Party
6%
Denmark 1920 Centre Schleswig Party
6%
Israel 1984 Syncretic Shas
6%
Nicaragua 1957 Centre Social Christian Party
6%
United States 1983 Far Left Socialist Action
6%
United States 1964 Far Left Socialist Equality Party
6%
Germany 1971 Far Left Socialist Equality Party
6%
Norway 1975 Left Socialist Left Party
6%
Syria 1962 Left Socialist Unionist Party
6%
IrelandUnited Kingdom 1977 Far Left Socialist Workers Network
6%
Norway 1985 Left Society Party
6%
Germany 1948 Centre South Schleswig Voters' Association
6%
Spain 1973 Far Left Spanish Communist Workers' Party
6%
Sri Lanka 1969 Syncretic Tamil Eelam Liberation Organization
6%
Liberia 1878 Right True Whig Party
6%
Iran 1941 Far Left Tudeh Party of Iran
6%
Israel 1984 Right Tzomet
6%
United States 1969 Centre Left United Citizens Party
6%
Belize 1973 Centre Right United Democratic Party
6%
Guyana 1985 Centre United Republican Party
6%
United Kingdom 1974 Centre Wessex Regionalists
6%
Netherlands (Saba) 1970 Centre Right Windward Islands People's Movement
6%
United States 1959 Far Left Workers World Party
6%
United States 1916 Far Left World Socialist Party of the United States
6%
Mexico 1983 Far Left Zapatista Army of National Liberation
6%
Zimbabwe 1975 Centre Left Zimbabwe African National Union – Ndonga
6%
Senegal 1976 Left African Independence Party – Renewal
3%
United States 1972 Left African People's Socialist Party
3%
Israel 1912 Right Agudat Yisrael
3%
Burkina FasoCanada Carribean France Germany Ghana Guinea Guinea-Bissau Kenya Senegal Sierra Leone South Africa Tanzania United Kingdom United States Zambia Zimbabwe 1968 Far Left All-African People's Revolutionary Party
3%
Lebanon 1957 Left al-Mustaqillin
3%
France (French Polynesia) 1977 Centre Right ʻĀmuitahiraʻa o te Nūnaʻa Māʻohi
3%
Lebanon 1969 Far Left Arab Socialist Action Party – Lebanon
3%
Syria 1973 Left Arab Socialist Union Party
3%
Armenia 1890 Centre Left Armenian Revolutionary Federation
3%
Lebanon 1920 Centre Left Armenian Revolutionary Federation in Lebanon
3%
Iraq 1979 Centre Assyrian Democratic Movement
3%
Australia 1946 Far Right Australian League of Rights
3%
Iraq 1982 Right Badr Organization
3%
Netherlands (Bonaire) 1969 Centre Bonaire Patriotic Union
3%
France 1908 1908-1931: Centre Right 1931-1945: Far Right 1945-Now: Centre Right Bonapartist Central Committee
3%
Brasil 1980 Centre Brazilian Democratic Movement
3%
Suriname 1973 Centre Left Brotherhood and Unity in Politics
3%
Germany Türkiye 1984 Far Right Caliphate State
3%
Spain 1982 Centre Canarian Nationalist Party
3%
Spain 1970 Left Carlist Party
3%
China 1941 1941-1947: Big Tent 1947-Now: Left China Democratic League
3%
Netherlands 1975 Centre Right Christian Democratic Appeal
3%
Japan 1959 Far Left Chūkaku-ha
3%
Nicaragua 1968 Right Constitutionalist Liberal Party
3%
Morocco 1983 Centre Right Constitutional Union
3%
Argentina 1960 Centre Right Cruzada Renovadora
3%
Syria 1980 Left Democratic Arab Socialist Union
3%
Morocco 1946 Centre Democratic Independence Party
3%
Brasil 1979 Centre Left Democratic Labour Party
3%
Senegal 1975 1975-2000: Far Left 2000-Now: Left Democratic League/Movement for the Labour Party
3%
Tunisia 1981 Far Left Democratic Patriots' Unified Party
3%
Mexico 1986 Centre Ecologist Green Party of Mexico
3%
Iran 1946 Right Fada'iyan-e Islam
3%
Argentina 1974 Right Federal Renewal Party
3%
United States 1985 Far Left Freedom Road Socialist Organization
3%
United States 1966 Far Left Freedom Socialist Party
3%
Vanuatu 1975 Centre Friend Melanesian Party
3%
Netherlands 1961 Big Tent Frisian National Party
3%
Cambodia 1981 Centre Right FUNCINPEC
3%
Spain 1963 Far Left Galician People's Union
3%
Yemen 1982 Big Tent General People's Congress
3%
Türkiye 1984 Far Right Great Eastern Islamic Raiders' Front
3%
Samoa 1979 Centre Right Human Rights Protection Party
3%
Chile 1983 Right Independent Democratic Union
3%
Dominican Republic 1986 Centre Institutional Democratic Party
3%
Argentina 1963 Right Integration and Development Movement
3%
Denmark (Greenland) 1976 Left Inuit Ataqatigiit
3%
Iran 1975 Right Islamic Association of Physicians of Iran
3%
Iran 1977 Centre Left Islamic Association of Teachers of Iran
3%
Iraq 1957 Centre Right Islamic Dawa Party
3%
Iraq 1982 Centre Right Islamic Supreme Council of Iraq
3%
Bangladesh 1972 Far Right Jamiat Ulema-e-Islam Bangladesh
3%
Pakistan 1945 Far Right Jamiat Ulema-e-Islam (F)
3%
Bangladesh 1980 Right Jatiya Ganotantrik Party
3%
India 1972 Centre Left Jharkhand Mukti Morcha
3%
Myanmar 1960 Left Kachin Independence Organisation
3%
India 1980 Far Left Kangleipak Communist Party
3%
Myanmar 1947 Centre Left Karen National Union
3%
India 1986 Right Khalistan Commando Force
3%
India 1986 Single Issue Khalistan Liberation Force
3%
Haiti 1986 Centre Konvansyon Inite Demokratik
3%
Syria 1965 Centre Kurdish Democratic Progressive Party
3%
Iraq 1985 1985-1995: Left 1995-Now: Centre Left Kurdistan Toilers' Party
3%
Spain 1985 Centre Lanzarote Independents Party
3%
Latvia 1945 Centre Left Latvian Social Democratic Workers' Party
3%
Spain 1986 Centre Leonese People's Union
3%
Dominican Republic 1986 Centre Liberal Reformist Party
3%
France 1939 Far Left Lutte Ouvrière
3%
Sri Lanka 1956 Centre Mahajana Eksath Peramuna
3%
United States 1984 Centre Left Maine Green Independent Party
3%
Uruguay 1971 Far Left March 26 Movement
3%
Lesotho 1962 Right Marematlou Freedom Party
3%
France (Martinique) 1978 Left Martinican Independence Movement
3%
United Kingdom 1951 Centre Left Mebyon Kernow
3%
France (New Caledonia) 1974 Left Melanesian Progressive Union
3%
Haiti 1946 Left Movement for the Organization of the Country
3%
Iran 1977 Centre Left Movement of Militant Muslims
3%
Nigeria 1979 Left Movement of the People
3%
Pakistan 1984 Centre Muttahida Qaumi Movement – London
3%
Yemen 1965 Left Nasserist Unionist People's Organisation
3%
Lesotho 1984 Right National Independent Party
3%
Dominican Republic 1980 Right National Progressive Force
3%
Nepal 1975 Far Left Nepal Workers Peasants Party
3%
Saint Kitts and Nevis 1970 Centre Nevis Reformation Party
3%
Sri Lanka 1978 Far Left New Democratic Marxist–Leninist Party
3%
Nicaragua 1978 Centre Nicaraguan Democratic Movement
3%
United Kingdom 1977 Far Right November 9th Society
3%
Pakistan 1985 Centre Right Pakistan Christian Congress
3%
Palestine 1967 Left Palestinian Popular Struggle Front
3%
Uruguay 1975 Far Left Partido por la Victoria del Pueblo
3%
Colombia 1985 Left Patriotic Union
3%
Norway 1985 Single Issue Pensioners' Party
3%
United Kingdom 1976 Centre People Against Bureaucracy
3%
Venezuela 1967 Left People's Electoral Movement
3%
Netherlands (Aruba) 1971 Centre Left People's Electoral Movement
3%
India 1978 Far Left People's Liberation Army of Manipur
3%
Denmark 1972 Left People's Movement against the EU
3%
France (Guadeloupe) 1978 Far Left People's Union for the Liberation of Guadeloupe
3%
Peru 1956 Centre Popular Action
3%
Morocco 1957 Centre Right Popular Movement
3%
Lebanon 1973 Left Popular Nasserist Organization
3%
Tunisia 1973 Left Popular Unity Movement
3%
Suriname 1977 Far Left Progressive Workers' and Farmers' Union
3%
Malaysia 1986 Centre Punjabi Party of Malaysia
3%
Bangladesh 1971 Far Left Purba Banglar Sarbahara Party
3%
Argentina 1891 Centre Radical Civic Union
3%
France 1971 Centre Left Radical Party of the Left
3%
Haiti 1979 Centre Right Rally of Progressive National Democrats
3%
Guinea 1965 Centre Left Rally of the Guinean People
3%
Spain 1980 Centre Regionalist Party of the Leonese Country
3%
Mozambique 1977 Right RENAMO
3%
Northern Cyprus 1970 Centre Left Republican Turkish Party
3%
Paraguay 1951 Centre Left Revolutionary Febrerista Party
3%
Argentina 1982 Centre Right Salta Renewal Party
3%
Malaysia 1959 Centre Sarawak United Peoples' Party
3%
Ireland United Kingdom 1986 Left Sinn Féin Poblachtach
3%
Costa Rica 1983 1983-2002: Centre 2002-Now: Centre Right Social Christian Unity Party
3%
United States 1986 Far Left Socialist Alternative
3%
Iran 1961 Right Society of Seminary Teachers of Qom
3%
Sri Lanka 1981 Centre Sri Lanka Muslim Congress
3%
Greece 1975 Far Left Start – Socialist Internationalist Organisation
3%
Sweden 1979 Centre Right Stockholm Party
3%
South Sudan 1983 1983-1988: Far Left 1988-2005: Left 2005-Now: Centre Left Sudan People's Liberation Movement
3%
France (French Polynesia) 1977 Centre Left Tāvini huiraʻatira nō te ao māʻohi
3%
India 1982 Centre Right Telugu Desam Party
3%
Venezuela 1971 Centre Left The Radical Cause
3%
Lebanon 1968 Far Left Toilers League
3%
Democratic Republic of the Congo 1964 Left Unified Lumumbist Party
3%
Vanuatu 1981 Centre Right Union of Moderate Parties
3%
Argentina 1982 Far Right UNIR Constitutional Nationalist Party
3%
Spain 1980 Centre Right United Extremadura
3%
Mozambique 1976 Centre Left United Front of Mozambique
3%
India 1979 Left United Liberation Front of Asom
3%
Zambia 1959 Left United National Independence Party
3%
India 1964 Far Left United National Liberation Front
3%
Saint Lucia 1964 Centre Right United Workers Party
3%
South Africa 1979 Far Left Workers and Socialist Party
3%
France 1979 Far Left Workers' Communist Party of France
3%
United Kingdom 1947 Far Left Workers Revolutionary Party
3%
Myanmar 1972 Centre Zomi Congress for Democracy
3%
Cabo Verde 1981 1981-2010: Left 2010-Now: Centre Left African Party for the Independence of Cape Verde
0%
Japan 1951 Far Right Aikokutō
0%
Lebanon 1930 Centre al-ʾAḥbāsh
0%
Ethiopia 1968 Far Left All-Ethiopia Socialist Movement
0%
India 1972 Centre Left All India Anna Dravida Munnetra Kazhagam
0%
India 1939 Left All India Forward Bloc
0%
India 1927 Centre Right All India Majlis-e-Ittehadul Muslimeen
0%
India 1986 Centre All Jharkhand Students Union
0%
Sierra Leone 1960 1960-1971 Centre Left 1971-1992: Left 1992-Now: Centre Left All People's Congress
0%
India 1983 Centre Right Amra Bangali
0%
Germany 1981 Satire Anarchist Pogo Party of Germany
0%
United Kingdom(Anguilla) 1980 Centre Left Anguilla Progressive Movement
0%
Palestine 1969 Right Arab Liberation Front
0%
Syria 1966 Far Left Arab Revolutionary Workers Party
0%
France (Saint Pierre and Miquelon) 1985 Centre Right Archipelago Tomorrow
0%
Syria 1957 Centre Left Assyrian Democratic Organization
0%
Paraguay 1887 Centre Authentic Radical Liberal Party
0%
South Africa 1978 Left Azanian People's Organisation
0%
Bahrain 1982 Centre Bahrain Freedom Movement
0%
Bangladesh 1981 Far Right Bangladesh Khilafat Andolan
0%
Bangladesh 1976 Right Bangladesh Muslim League
0%
Bangladesh 1976 Right Bangladesh Muslim League - BML
0%
Antigua and Barbuda 1978 Centre Left Barbuda People's Movement
0%
Sudan 1957 Centre Left Beja Congress
0%
Iraq 1974 Centre Right Bet-Nahrain Democratic Party
0%
France 1964 Left Breton Democratic Union
0%
Sri Lanka 1939 Centre Left Ceylon Workers' Congress
0%
Chad 1981 Far Left Chadian Action for Unity and Socialism
0%
United States 1924 Centre Charter Committee
0%
China 1945 Left China Association for Promoting Democracy
0%
China 1945 Left China National Democratic Construction Association
0%
China 1925 1925-1947: Centre 1947-Now: Left China Zhìgōng Party
0%
China 1927 Left Chinese Peasants' and Workers' Democratic Party
0%
Spain 1986 Left Chunta Aragonesista
0%
New Zealand 1969 Far Left Communist League
0%
Japan 1983 Centre Left Dainiin Club
0%
Denmark 1936 Right Danish Unity
0%
Cabo Verde 1981 Centre Right Democratic and Independent Cape Verdean Union
0%
Algeria 1966 Left Democratic and Social Movement
0%
Ecuador 1970 Centre Left Democratic Left
0%
Argentina 1914 Centre Right Democratic Progressive Party
0%
Venezuela 1945 Centre Democratic Republican Union
0%
Syria 1970 Left Democratic Socialist Arab Ba'ath Party
0%
South Africa 1974 Centre Left Dikwankwetla Party of South Africa
0%
Sri Lanka 1980 Centre Left Eelam People's Revolutionary Liberation Front
0%
Sri Lanka 1975 Centre Left Eelavar Democratic Front
0%
Spain 1979 Centre Left El Bierzo Party
0%
Palestine 1983 Left Fatah al-Intifada
0%
Switzerland 1975 1975-1980: Far Right 1980-Now: Right Federal Democratic Union
0%
China (Hong Kong) 1984 Left Federation of Hong Kong and Kowloon Labour Unions
0%
Liechtenstein 1985 Centre Left Free List
0%
Bahamas 1971 Centre Right Free National Movement
0%
Burundi 1986 Left Front for Democracy in Burundi
0%
Argentina 1985 Centre Fueguian People's Movement
0%
Spain 1982 Left Galician Nationalist Bloc
0%
Spain 1986 Far Left Galician People's Front
0%
China (Macau) 1983 Left General Union of Neighbourhood Associations of Macau
0%
Guatemala 1982 Far Left Guatemalan National Revolutionary Unity
0%
Pakistan 1985 Far Right Harkat-ul-Jihad al-Islami
0%
France (French Polynesia) 1965 Centre Here Ai'a
0%
Afghanistan 1976 Right Hezb-e Islami Gulbuddin
0%
India 1968 Centre Hill State People's Democratic Party
0%
India 1915 Far Right Hindu Mahasabha
0%
China (Hong Kong) 1948 Right Hong Kong and Kowloon Trades Union Council
0%
China (Hong Kong) 1986 Centre Left Hong Kong Association for Democracy and People's Livelihood
0%
China (Hong Kong) 1949 Left Hong Kong Chinese Reform Association
0%
China (Hong Kong) 1975 Left Hong Kong Federation of Education Workers
0%
China (Hong Kong) 1948 1948-1978: Far Left 1978-Now: Left Hong Kong Federation of Trade Unions
0%
Germany 1950 Centre Humanwirtschaft
0%
Sri Lanka 1949 Centre Left Ilankai Tamil Arasu Kachchi
0%
United States (U.S. Virgin Islands) 1968 Centre Left Independent Citizens Movement
0%
Spain 1979 Centre Independent Herrenian Group
0%
India 1948 Centre Right Indian Union Muslim League
0%
Italy 1943 Left Internationalist Communist Party
0%
Spain 1980 Far Left Internationalist Socialist Workers' Party
0%
India 1984 Far Right International Sikh Youth Federation
0%
Denmark 1984 Far Left International Socialists
0%
Argentina 1972 Left Intransigent Party
0%
Iran 1979 Far Left Iranian People's Fedai Guerrillas
0%
Kuwait 1981 Far Right Islamic Salafi Alliance
0%
Sudan 1964 Left Islamic Socialist Party
0%
Lebanon 1982 Right Islamic Unification Movement
0%
India 1982 Centre Left Jammu and Kashmir National Panthers Party
0%
India 1932 Centre Left Jammu & Kashmir National Conference
0%
Japan 1957 Far Left Japan Revolutionary Communist League
0%
China 1946 Left Jiǔsān Society
0%
Philippines 1985 Centre Kabalikat ng Bayan sa Kaunlaran
0%
Japan 1984 Centre Kanagawa Network Movement
0%
France (New Caledonia) 1981 Left Kanak Socialist Liberation
0%
Myanmar 1957 Centre Karenni National Progressive Party
0%
Japan 1970 Centre Kariyushi Club
0%
India 1964 Centre Kerala Congress
0%
India 1979 Centre Left Kerala Congress (Mani)
0%
Philippines 1978 Right Kilusang Bagong Lipunan
0%
Türkiye 1965 Big Tent Kurdistan Democratic Party\North
0%
Syria 1957 Centre Kurdistan Democratic Party of Syria
0%
Iran 1978 Far Left Labourer's Creed
0%
Italy 1983 Centre Left Ladin Autonomist Union
0%
Mauritius 1981 Left Lalit
0%
Sri Lanka 1935 Far Left Lanka Sama Samaja Party
0%
Laos 1979 Far Left Lao Front for National Development
0%
United States 1972 Syncretic Liberty Alliance of Massachusetts
0%
Libya 1980 Centre Left Libyan National Movement
0%
Sweden 1973 Centre Right Lidingöpartiet
0%
China (Macau) 1950 Left Macau Federation of Trade Unions
0%
Madagascar 1958 1958-1992: Far Left 1992-Now: Centre Madagascar for the Malagasy
0%
Pakistan 1929 Right Majlis-e Ahrar-e Islam
0%
Malaysia 1958 Centre Malaysian Ceylonese Congress
0%
Malaysia 1946 Centre Right Malaysian Indian Congress
0%
Malaysia 1976 Centre Right Malaysian Indian Muslim Congress
0%
Lebanon 1967 Right Marada Movement
0%
Pakistan 1986 Right Markazi Jamiat Ahle Hadith
0%
Ecuador 1964 Far Left Marxist–Leninist Communist Party of Ecuador
0%
Pakistan 1968 Far Left Mazdoor Kisan Party
0%
Papua New Guinea 1977 Centre Left Melanesian Alliance Party
0%
India 1961 Right Mizo National Front
0%
Panama 1970 Far Left MLN-29
0%
Madagascar 1972 1972-1991: Far Left 1991-Now: Centre Movement for the Progress of Madagascar
0%
Lebanon 1975 Far Right Movement of Lebanese Nationalism
0%
Tunisia 1981 Left Movement of Socialist Democrats
0%
India 1958 Centre Naam Tamilar Katchi
0%
Philippines 1907 Centre Right Nacionalista Party
0%
Vanuatu 1966 Centre Nagriamel
0%
Lebanon 1936 Right Najjadeh Party
0%
Bangladesh 1971 Left National Awami Party (Muzaffar)
0%
Lebanon 1943 Centre National Bloc
0%
France 1949 1949-1962: Centre Right 1962-Now: Right National Centre of Independents and Peasants
0%
Dominican Republic 1973 Centre Right National Citizen Will Party
0%
Gambia 1975 Centre Left National Convention Party N/A
0%
Yemen 1976 1976-1982: Far Left 1982-Now: Centre Left National Democratic Front
0%
Guyana 1985 Centre National Democratic Front
0%
Senegal 1981 Centre National Democratic Rally
0%
Fiji 1968 Centre Left National Federation Party
0%
Burundi 1980 1980-2008: Far Right 2008-Now: Right National Forces of Liberation
0%
Bolivia 1979 Right Nationalist Democratic Action
0%
El Salvador 1981 1981-1994: Far Right 1994-Now: Right Nationalist Republican Alliance
0%
Panama 1982 Centre Right Nationalist Republican Liberal Movement
0%
Brasil 1984 1984-2010: Centre Left 2010-Now: Centre Right National Mobilization
0%
Morocco 1978 Centre National Rally of Independents
0%
Uganda 1986 1986-1987: Left 1987-Now: Right National Resistance Movement
0%
Sri Lanka 1965 Centre Left National Union of Workers
0%
Namibia 1959 Centre National Unity Democratic Organisation
0%
Spain 1979 Centre Right Navarrese People's Union
0%
Sri Lanka 1977 Far Left Nava Sama Samaja Party
0%
China (Hong Kong) 1985 Centre Left Neighbourhood and Worker's Service Centre
0%
Argentina 1961 Centre Right Neuquén People's Movement
0%
United States 1955 Far Left News and Letters Committees
0%
India 1977 Left New Socialist Alternative
0%
China (Hong Kong) 1985 Centre New Territories Association of Societies
0%
Norway 1968 Centre Norwegian Sámi Association
0%
Japan 1950 Centre Left Okinawa Social Mass Party
0%
Greece 1985 Far Left Organization for the Reconstruction of the Communist Party of Greece
0%
Iran 1980 1980-2003: Centre Right 2003-Now: Centre Organization of Iranian Kurdistan Struggle
0%
Iran 1980 1980-1991: Left 1991-Now: Centre Left Organization of Iranian People's Fedaian (Majority)
0%
Iran 1985 Far Left Organization of Iranian People's Fedai Guerrillas
0%
Iran 1983 Far Left Organization of Iranian People's Fedai Guerrillas – Followers of the Identity Platform
0%
Uruguay 1961 Far Left Oriental Revolutionary Movement
0%
Ireland United Kingdom United States 1974 Far Left Páirtí Poblachtach Sóisialach na hÉireann
0%
Argentina 1971 Centre Pampa Federalist Movement
0%
Iran 1941 Right Pan-Iranist Party
0%
Malaysia 1977 Right Pan-Malaysian Islamic Front
0%
Bangladesh 1972 Left Parbatya Chattagram Jana Samhati Samiti
0%
Philippines 1986 Centre Right Partido Magdalo
0%
Malaysia 1973 Centre Parti Pesaka Bumiputera Bersatu
0%
Suriname 1949 Centre Party for National Unity and Solidarity
0%
Senegal 1981 1981-2000: Far Left 2000-Now: Left Party of Independence and Labour
0%
Morocco 1974 Left Party of Progress and Socialism
0%
Afghanistan 1981 Centre Pashtoons Social Democratic Party
0%
United Kingdom (Turks and Caicos) 1975 Centre Right People's Democratic Movement
0%
Papua New Guinea 1985 Centre People's Democratic Movement
0%
Gambia 1986 Left People's Democratic Organisation for Independence and Socialism
0%
Trinidad and Tobago 1956 Centre People's National Movement
0%
India 1977 Centre Right People's Party of Arunachal
0%
Eswatini 1983 Centre Left People's United Democratic Movement
0%
Belgium 1961 Centre Perspektiven. Freiheit. Fortschritt.
0%
Lebanon 1947 Right Popular Bloc
0%
Nicaragua 1984 Right Popular Conservative Alliance
0%
Namibia 1977 Centre Right Popular Democratic Movement
0%
Mexico 1948 Left Popular Socialist Party
0%
Liechtenstein 1918 Centre Right Progressive Citizens' Party
0%
Guinea-Bissau 1986 Centre Left Resistance of Guinea-Bissau-Bafatá Movement
0%
Bolivia 1942 1942-1975: Centre Left 1975-Now: Centre Right Revolutionary Nationalist Movement
0%
Lebanon 1975 Centre Rezgari Party
0%
Mauritius 1976 Centre Left Rodrigues People's Organisation
0%
El Salvador 1985 Right Salvadoran Patriotic Fraternity
0%
Myanmar 1971 Centre Left Shan State Progress Party
0%
Lebanon 1978 Right Shuraya Party
0%
Singapore 1967 Right Singapore Malay National Organisation
0%
Italy 1963 Centre Slovene Union
0%
Morocco 1984 Centre Social Centre Party
0%
Dominican Republic 1984 Centre Right Social Christian Reformist Party
0%
ArmeniaLebanon 1887 Centre Left Social Democrat Hunchakian Party
0%
Lebanon 1966 Right Socialist Arab Lebanon Vanguard Party
0%
Sri Lanka 1968 Far Left Socialist Equality Party
0%
France (Martinique) 1901 Centre Left Socialist Federation of Martinique
0%
Algeria 1963 Centre Left Socialist Forces Front
0%
India 1948 Far Left Socialist Unity Centre of India (Communist)
0%
Spain 1982 Far Right Spanish Catholic Movement
0%
United States 1964 Far Left Spartacist League\U.S.
0%
China 1947 1947-1958: Far Left 1958-Now: Left Taiwan Democratic Self-Government League
0%
Sri Lanka 1972 Centre Tamil United Liberation Front
0%
Guyana 1960 Centre Right The United Force
0%
Japan 1977 Centre Left Tokyo Seikatsusha Network
0%
Uganda 1960 Centre Left Uganda People's Congress
0%
Democratic Republic of the Congo 1982 Centre Left Union for Democracy and Social Progress
0%
Burundi 1960 1960-1976: Centre Left 1976-Now: Centre Union for National Progress
0%
Yemen 1961 Centre Left Union of Popular Forces
0%
Argentina 1982 Centre Right Union of the Democratic Centre
0%
Cameroon 1948 Left Union of the Peoples of Cameroon
0%
Spain 1979 Far Left Unitarian Candidacy of Workers
0%
Malaysia 1985 Centre Right United Sabah Party
0%
India 1979 Centre Left Uttarakhand Kranti Dal
0%
Italy 1945 Centre Valdostan Union
0%
Vietnam 1982 Centre Việt Tân
0%
Ethiopia 1975 Centre Western Somali Democratic Party
0%
Ireland 1985 Left Workers and Unemployed Action
0%
Iran 1958 Centre Left Workers' House
0%
Guyana 1974 Left Working People's Alliance
0%
South Africa 1984 Centre Left Ximoko Party
0%
Iran 1986 Right Zeynab Society ('alayhi as-salām)
0%
No matching quizzes found
Score Distribution
Percent of People with Each Score
Percentile by Number Answered
Your Score History
You have not taken this quiz